1868 1487 1871 1889 1779 1758 1615 1626 1301 1580 1592 1761 1977 1221 1240 1590 1323 1537 1822 1686 1029 1212 1008 1406 1574 1126 1552 1446 1792 1659 1037 1139 1324 1554 1101 1747 1683 1775 1798 1001 1168 1538 1014 1248 1652 1837 1154 1049 1653 1625 1843 1885 1331 1217 1841 1501 1346 1729 1022 1166 1883 1363 1980 1516 1016 1387 1513 1384 1932 1975 1821 1782 1515 1527 1487 1211 1696 1407 1988 1308 1064 1863 1968 1423 1848 1672 1874 1835 1965 1927 1054 1823 1713 1425 1153 1704 1428 1796 1813 BCNSPRNW ULIB Ver.6.0+V

เปลี่ยนเป็นภาษาไทย

Change to English
 แสดงรายละเอียดบรรณานุกรม
  กลับหน้าหลัก

Brief Record : Get Marc (ISO 2709) : E-mail record : QR code < ปิดหน้าต่าง
LEADER : 00000nam 2200000uu 4500
001    13399114476
003     ULIB
008    120404s2553||||th 000 0 tha d
020    ^a9786117059230
090    ^aนว.^bก181ร 2553
100 0  ^aกรวรินทร์
245 00 ^aร้อยเล่ห์เสน่หา/^cกรวรินทร์
250    ^aพิมพ์ครั้งที่ 1
260    ^aกรุงเทพฯ :^bivy,^c2553
300    ^a380 หน้า
710 1  ^aivy
945    ^p260^l0^i17083
995    ^aกัณชพร
999    ^aใช้งานได้ทุกระบบ
รายการนี้ยังไม่มีแท็ก
คุณยังไม่ได้ล็อกอิน คุณสามารถมีกิจกรรมร่วมกับเว็บไซต์ได้ แต่ต้องล็อกอินก่อน ::
  ล็อกอิน

รายการสื่อสารสนเทศ

ลำดับที่ ประเภท เลขเรียก/บาร์โค้ด สถานที่ สถานะ
1. นวนิยาย
นวนิยาย
นว. ก181ร 2553  
  Barcode: 17083
ห้องสมุดวิทยาเขตสวรรค์ประชารักษ์
►นวนิยาย
บนชั้น
  ขอยืม

BibComment


ยังไม่เคยถูกคอมเมนท์

คอมเมนท์ทรัพยากรรายการนี้
  คอมเมนท์: ร้อยเล่ห์เสน่หา ..


 Copyright 2026. Bcnsprnw @Library